000 00428nam a22001337a 4500
082 _a954.91
_bBUK
_cN-02,P-100
100 _aBukhari, Brig (R) Liaqat Israr
_951825
245 _aچشم دید حقیقت سانحہ مشرقی پاکستان 1971
260 _aLahore,
_bBook Home,
_c2020.
300 _a103p.
526 _a0
_b0
_c0
_d954_910000000000000_BUK
650 _aHistory of pakistan
_bUrdu books
_951826
942 _2ddc
_cBK
999 _c554370
_d554370